00281nam a2200109Ia 4500008004100000100001700041245005000058260002700108650001400135942000700149999001500156190216s9999||||xx |||||||||||||| ||und|| aCharan Singh 0aIndian Economic Policy The Gandian Blue Print bVikas Publishing House aEconomics cBK c9599d9599